Las medidas en los casos de crisis matrimonial / Manuel De Cassio Martínez (Registro nro. 10295)

Detalles MARC
000 -LEADER
fixed length control field 00479nam a22001811a 4500
001 - CONTROL NUMBER
control field 10295
003 - CONTROL NUMBER IDENTIFIER
control field OSt
005 - DATE AND TIME OF LATEST TRANSACTION
control field 20260204212154.0
008 - FIXED-LENGTH DATA ELEMENTS--GENERAL INFORMATION
fixed length control field 081024s1997||||sp ||||||b||||||||||spa||
020 ## - NUMERO DE LIBRO INTERNACIONAL NORMALIZADO
International Standard Book Number 8448111443
050 ## - LIBRARY OF CONGRESS CALL NUMBER
Classification number 340.56 C822m
100 ## - ASIENTO PRINCIPAL -- NOMBRE PERSONAL
Personal name De Cassio Martínez, Manuel
245 ## - TÍTULO PROPIAMENTE DICHO: SUBTÍTULO
Title Las medidas en los casos de crisis matrimonial / Manuel De Cassio Martínez
264 ## - PRODUCTION, PUBLICATION, DISTRIBUTION, MANUFACTURE, AND COPYRIGHT NOTICE
Place of production, publication, distribution, manufacture España : McGraw-Hill
300 ## - PHYSICAL DESCRIPTION
Extensión 209 p
650 ## - ASIENTO SECUNDARIO DE MATERIA -- TERMINO TEMÁTICO
Termino Temático Como Elemento de Entrada Derecho CivilÌ
942 ## - ADDED ENTRY ELEMENTS (KOHA)
Source of classification or shelving scheme Dewey Decimal Classification
Koha item type Libros
Existencias
Withdrawn status Lost status Source of classification or shelving scheme Damaged status Not for loan Current library Date acquired Total Checkouts Full call number Barcode Date last seen Price effective from Koha item type
    Dewey Decimal Classification     Biblioteca UTECO 09/09/2019   340.56 C822M 014499 09/09/2019 09/09/2019 Libros
© 2021 Derechos Reservados UTECO - Teléfono: +1 809-585-2291 - Correo electrónico: biblioteca@uteco.edu.do​  
Código postal 43000 ​​
Dirección: Avenida Universitaria No. 100, 
Cotuí, Provincia Sánchez Ramírez, República Dominicana - RNC: 404-00059-6